Songs With Irregular Lyrics - Statistics

General Stats
  • This quiz has been taken 13 times
  • The average score is 4 of 10
Answer Stats
Hint Singer/Band Answer % Correct
As horror looks you right between the eyes, your PARALYZED Michael Jackson Thriller
100%
But the KAZACHOK he danced really Boney M Rasputin
50%
Feel my, my, my, my SERPINTINE Guns N' Roses Welcome to the Jungle
50%
Bugsy turned to Shifty and he said, "NIX NIX" Elvis Presley Jailhouse Rock
38%
Just put me in a WHEELCHAIR and get me to the show Ramones I Wanna be Sedated
25%
If the music halts here then my heart will WALTZ here, right on Jack Hylton Masquerade
25%
All my DISTRESS is going going gone. Reliant K Pressing On
25%
LOBOTOMY (x4) Ramones Teenage Lobotomy
25%
Antoinette dainty queen. with her quaint GUILLOTINE Victor Garber-Damn Yankees Those Were the Good Old Days
25%
Your PRESSENCE requested this evening is formal Fred Astaire Top Hat, White Tie and Tails
25%
No matching quizzes found
Score Distribution
Percent of People with Each Score
Percentile by Number Answered
Your Score History
You have not taken this quiz